000 01142nam0a22002771 4500
001 rc\513698
005 20030616164947.7
035 _a(NLR Aleph) 005753536
090 _a4865147
_c4865147
100 _a20030616d1988 u |0rusy50 ca
101 0 _arus
102 _aRU
105 _aa |||||||||
200 1 _aВсемирная организация интеллектуальной собственности (ВОИС)
_eУчеб. пособие по курсу "Междунар. орг."
_fВсесоюз. акад. внеш. торговли. Каф. мировой экономики и междунар. орг.
210 _aМ.
_cБ. и.
_d1988
215 _a32 с.
_cсхем.
_d20
300 _aЗагл. обл.: ВОИС. Всемирная...
300 _aНа обл. 1-й авт.: Рослов, В.Н.
512 0 _aВОИС. Всемирная организация интеллектуальной собственности
700 1 _aМойнов
_bС. Г.
701 1 _aРослов
_bВ. Н.
801 0 _aRU
_bNLR
_gpsbo
801 1 _aRU
_bELAR
_2rusmarc
852 _aNLR
_j89-4/12396
942 _cBOOK
980 _aNB